Central Library OPAC University of Rajshahi

The trombone / (Record no. 16543)

MARC details
000 -LEADER
fixed length control field 00855nam a2200301 a 4500
001 - CONTROL NUMBER
control field 16543
003 - CONTROL NUMBER IDENTIFIER
rucl marc code UkOxU
005 - DATE AND TIME OF LATEST TRANSACTION
control field 20211209000025.0
008 - FIXED-LENGTH DATA ELEMENTS--GENERAL INFORMATION
fixed length control field 140213s1973 nyu b 001 0 eng d
020 ## - INTERNATIONAL STANDARD BOOK NUMBER
International Standard Book Number 2881242111 (France)
International Standard Book Number 0571088163
035 ## - SYSTEM CONTROL NUMBER
System control number OCLC 16226762 from bmw060
-- (BD-RjUL)16598
040 ## - CATALOGING SOURCE
Original cataloging agency DLC
Transcribing agency DLC
Language of cataloging eng
Modifying agency BD-RjUL
041 ## - LANGUAGE CODE
Language code of text/sound track or separate title eng
082 ## - DEWEY DECIMAL CLASSIFICATION NUMBER
Classification number 788.209033
Edition number 19
Author mark and year TRO 1973
245 14 - TITLE STATEMENT
Title The trombone /
260 ## - PUBLICATION, DISTRIBUTION, ETC. (IMPRINT)
Place of publication, distribution, etc. New York ;
Name of publisher, distributor, etc. Gordon and Breach,
Date of publication, distribution, etc. c1973.
300 ## - PHYSICAL DESCRIPTION
Pagination 326 p. :
Illustrations ill. ;
Size 24 cm
490 1# - SERIES STATEMENT
Series statement Musicology,
Volume/sequential designation v. 6
500 ## - GENERAL NOTE
General note Includes indexes.
504 ## - BIBLIOGRAPHY, ETC. NOTE
Bibliography, etc Bibliography: p. 311-322
650 #0 - SUBJECT ADDED ENTRY--TOPICAL TERM
Topical term or geographic name as entry element Trombone music
General subdivision History and criticism
9 (RLIN) 51126
830 #0 - SERIES ADDED ENTRY--UNIFORM TITLE
Volume number/sequential designation v. 6
Uniform title Musicology,
942 ## - ADDED ENTRY ELEMENTS (KOHA)
Source of classification or shelving scheme Dewey Decimal Classification
Koha item type Books
Holdings
Lost status Source of classification or shelving scheme Damaged status Not for loan Collection code Permanent Location Current Location Shelving location Date acquired Source of acquisition Total Checkouts Full call number Date last seen Copy number Koha item type
  Dewey Decimal Classification   Not For Loan Non-fiction Central Library, University of Rajshahi Central Library, University of Rajshahi Reading Room 22/10/1990 Shaukat Osman   788.209033 TRO 1973 13/02/2014 C-1 Books